Asian Graph Puzzle Quiz Stats

 Plays Quiz Updated Sep 18, 2019

Score 0/40 Timer 12:00
0 Plays Today
% Correct
China
89%
South
Korea
84.8%
Nepal                     
                      Bhutan
82%
Saudi
Arabia
80%
Russia
79.9%
                                     UAE

Yemen                                     
79.7%
India
79.6%
North
Korea
79%
Timor-
Leste
78.5%
Uzbek-
istan
76%
Pakistan
75.4%
Palestine
75.1%
Vietnam
75%
Myan-
mar
74.3%
Malaysia
72.7%
Turkey
72.3%
Syria
71.7%
Kuwait
71.3%
Bangla-
desh
71.3%
Mongolia
71.2%
% Correct
Brunei
69.4%
Thailand
69.4%
Georgia
68%
Lebanon
67.4%
Israel
67.2%
Qatar
66%
Laos
65.4%
Azer-
baijan
64.9%
Indo-
nesia
64.8%
Kazakh-
stan
64.5%
Kyrgyz-
stan
64.5%
Oman
64.4%
Afghan-
istan
64.1%
Iran
63.3%
Cam-
bodia
61%
Jordan
60.4%
Tajik-
istan
60%
Turkmen.
59.9%
Armenia
56.7%
Iraq
55.5%

You're not logged in!

Compare scores with friends on all Sporcle quizzes.
OR
Log In

Sporcle TV

Today on Sporcle TV


Watch our educational content, quiz creation guides, and fun videos on Sporcle TV.

Show Comments

Extras

Top Quizzes Today


Score Distribution

Your Account Isn't Verified!

In order to create a playlist on Sporcle, you need to verify the email address you used during registration. Go to your Sporcle Settings to finish the process.

Report this User

Report this user for behavior that violates our Community Guidelines.

Details: